2019-2020 Arizona Cardinals Current Roster - Statistics

General Stats
  • This quiz has been taken 54 times
  • The average score is 16 of 40
Answer Stats
Hint Answer % Correct
QB Kyler Murray
100%
WR Larry Fitzgerald
94%
RB David Johnson
83%
WR KeeSean Johnson
83%
WR Christian Kirk
81%
DT Corey Peters
73%
SS Budda Baker
71%
LB Chandler Jones
69%
CB Chris Jones
67%
TE Ricky Seals-Jones
67%
RB Chase Edmonds
65%
Coach Kliff Kingsbury
63%
WR Andy Isabella
52%
TE Maxx Williams
52%
QB Brett Hundley
46%
K Zane Gonzalez
46%
P Andy Lee
40%
SS Deionte Thompson
38%
OL DJ Humphries
35%
OL Justin Pugh
35%
CB Byron Murphy
33%
LB Jordan Hicks
33%
WR Hakeem Butler
31%
TE Charles Clay
27%
WR Damiere Byrd
27%
OL A.Q. Shipley
23%
OL J.R Sweezy
23%
LB Terrell Suggs
19%
LS Aaron Brewer
17%
OL Marcus Gilbert
17%
DT Miles Brown
17%
DE Rodney Gunter
13%
FS DJ Swearinger
10%
WR Michael Crabtree
10%
RB T.J. Logan
10%
CB Tramaine Brock
10%
QB Charles Kanoff
8%
LB Dennis Gardeck
8%
CB Nate Brooks
2%
DE Terrell McCain
0%
No matching quizzes found
Score Distribution
Percent of People with Each Score
Percentile by Number Answered
Your Score History
You have not taken this quiz